Statistics for UAE A-Z

Click here to take the quiz!

General Stats

  • This quiz has been taken 72 times
  • The average score is 10 of 26

Answer Stats

ClueAnswer% Correct
BTallest Tower in the worldBurj Khalifa
97%
APeninsula on which the UAE is locatedArabian
84%
OCountry that shares the longest border with the UAEOman
84%
PGulf that borders the UAEPersian
78%
Ilargest immigrant groupIndians
77%
QCountry that was in negotiation to join the UAEQatar
77%
MThe political system in which the UAE adheres toMonarchism
67%
FOnly Emirate that doesn't border the Persian GulfFujairah
56%
UThe least populous emirateUmm Al-Quwain
53%
EDenonym of the UAEEmirati
50%
ZThe first presidentZayed
44%
VSheikh Mohammed bin Rashid is the prime minister, ruler of Dubai, and __Vice President
42%
HEnclave of Dubai, known for its mountains and lakesHatta
34%
GPopular seasonal entertainment district in DubaiGlobal Village
31%
L
Large oasis area; borders Saudi Arabia
Liwa
23%
DCoastal region; Borders the Gulf of OmanDibba
22%
KEnclave of Sharjah located on the east coastKalba / Khor Fakkan
20%
NArabic for date palmNakhla
19%
RTraditional Emirati BreadRegag
17%
XAction sport company known for its Skate parks in DubaiXDubai
14%
CEmirati version of pancakesChebab
13%
YTraditional Emirati weapon danceYowlah
13%
SPopular Emirati animated showShaabiat Al Cartoon
9%
TTraditional Emirati StewTharid
8%
JHistoric name for Ras Al KhaimahJulfar
6%
WTown located in Abu Dhabi known for its nature reserves and fossil dunes(Al) Wathba
5%

Score Distribution

Percentile by Number Answered

Percent of People with Each Score

Your Score History

You have not taken this quiz